Pisma zebrane
| Titel: | Pisma zebrane / Stefan Żeromski |
|---|---|
| Teil: |
36
Ser. 6. Listy 1897 - 1904 |
| Verfasser: | |
| Ausgabe: | 339 S. |
| Veröffentlicht: | Warszawa : Czytelnik, 2003 |
| Format: | Buch |
| Sprache: | Polnisch |
| Schriftenreihe/ mehrbändiges Werk: |
Pisma zebrane / Stefan Żeromski ; 36 : Ser. 6, Listy alle Bände anzeigen
|
| ISBN: | 8307029147 |
alg: 11400133 001A $00030:25-09-03 001B $01999:29-12-16 $t22:52:22.000 001C $00026:29-12-16 $t14:49:47.000 001D $00030:25-09-03 001U $0utf8 001X $00 002@ $0Afy 003@ $0114001332 003O $0615371772 $aOCoLC 004A $083-07-02914-7 007A $0114001332 $aHEB 010@ $apol 011@ $a2003 021A $a1897 - 1904 028A $#Żeromski, Stefan $#Zych, Maurycy $#Katerla, Józef $#Żeromski-Zych, ... $#Žeromskij, Stefan $#Zheromskiĭ, Stefan $#Žeromśkij, Stefan $#Žeromski, Stefan $#Je-lo-mu-ssu-chi $#Ż., Stefan $#Jeromsky, Stéphane $#Zsheromski, Stefan $#Zsheromsḳi, Sṭefan $#Zeromski, Stefan $#Katerla, Jósef $#Zych, Maurycy $#Si te fan · Re luo mu si qi $#斯特凡·热罗姆斯基 $#斯特凡·熱羅姆斯基 $#זשעראמסקי, סטעפאן $#Re luo mu si qi $#热罗姆斯基 $#熱羅姆斯基 $#Shen lang si qi $#什朗斯奇 $#什朗斯奇 $7118808419 $8Żeromski, Stefan$Z1864-1925 [Tp1] $9087148994 032@ $a339 S. 033A $pWarszawa $nCzytelnik 036C $aPisma zebrane $x236 $hStefan Żeromski $l36 036C/01 $aListy $mSer. 6 036D $x236 $8Pisma zebrane / Stefan Żeromski $9009489657 lok: 11400133 3 101B $026-03-04 $t16:53:54.000 101C $026-03-04 145S/01 $a036 101U $0utf8 exp: 11400133 3 1 #EPN 201B/01 $026-03-04 $t16:53:54.000 201C/01 $025-09-03 203@/01 $0188659331 208@/01 $a25-09-03 $bzAa 209A/01 $a82.273.01 Bd. 36 $du $f000 $h82 273 01 / B 36 $x00 209G/01 $a65514605 $x00 247C/01 $8601000-3 <30>Frankfurt, Universitätsbibliothek J. C. Senckenberg, Zentralbibliothek (ZB) $9102598258 201U/01 $0utf8 lok: 11400133 66 exp: 11400133 66 1 #EPN 201B/01 $018-01-10 $t15:17:34.000 201U/01 $0utf8 203@/01 $0587277394 208@/01 $a03-12-09 $br 209A/01 $aD 2 Żer/Pis-36 $du $f000 $x00 209C/01 $a03/h1084 247C/01 $8618123-5Darmstadt, Bibliothek des Deutschen Polen-Instituts $9102600902 lok: 11400133 78 exp: 11400133 78 1 #EPN 201B/01 $019-12-25 $t13:35:27.000 201C/01 $019-12-25 201U/01 $0utf8 203@/01 $0132973808X 208@/01 $a19-12-25 $be 209A/01 $a/ $f000 $x00 209A/01 $ab*p $x01 220C/01 $apgar 244Z/01 $#Generalgouvernement Polen $#Polska $#Rzeczpospolita Polska $#Polska Rzeczpospolita Ludowa $#Poland $#Pologne $#République Polonaise $#Generalne Gubernatorstwo w Polsce $#Polish People's Republic $#Polska Rzeczpospolita Polen $#PRL $#RP $#Polen Generalgouvernement $#Polska Generalgouvernement $#Besetzte Polnische Gebiete $#Besetztes Gebiet in Polen $#Okupowane Polskie Obszary $#Obszary Okupowane w Polsce $#Volksrepublik Polen $#Polska Rosyjska $#Republic Polen $#Respublika Pol'ša $#Pol'skaja Narodnaja Respublika $#République de Pologne $#Polen Links der Weichsel $#Polska po Lewej Stronie Wisły $#Lenkija $#Polija $#Gubernija Carstva Pol'skago $#Republik Polen $74046496-9 $8--Tg1--Polen $x01 $9085129801 247C/01 $82080>Marburg/Lahn, Herder-Institut, Forschungsbibliothek, Bibliographieportal $9336309341
| LEADER | 00000cam a22000002cc4500 | ||
|---|---|---|---|
| 001 | 114001332 | ||
| 003 | DE-603 | ||
| 005 | 20161229225222.0 | ||
| 007 | tu | ||
| 008 | 030925s2003 xx |||| | u00||u|pol c | ||
| 020 | |a 8307029147 | ||
| 035 | |a (DE-599)HEB114001332 | ||
| 035 | |a (OCoLC)615371772 | ||
| 040 | |a DE-603 |b ger |c DE-603 |d DE-603 | ||
| 041 | |a pol | ||
| 100 | 1 | |a Żeromski, Stefan |d 1864-1925 |0 (DE-603)087148994 |0 (DE-588)118808419 |2 gnd | |
| 245 | 0 | 0 | |a Pisma zebrane |n 36 |n Ser. 6 |p Listy |p 1897 - 1904 |c Stefan Żeromski |
| 250 | |a 339 S. | ||
| 264 | 1 | |a Warszawa |b Czytelnik |c 2003 | |
| 773 | 0 | 8 | |q 236 |w (DE-603)009489657 |
| 924 | 0 | |9 30 |a (DE-603)188659331 |b DE-30 |c HES |d c |g 82.273.01 Bd. 36 | |
| 924 | 0 | |9 Ds 123 |a (DE-603)587277394 |b DE-Ds123 |c HES |d d |g D 2 Żer/Pis-36 | |
| 924 | 0 | |9 2080 |a (DE-603)132973808X |b DE-2080 |c HES |d d |g / | |
alle Bände anzeigen

